[Event "Young Stars of the World 2012"]
[Site "Kirishi RUS"]
[Date "2012.05.15"]
[Round "4.3"]
[White "Belous, Vladimir"]
[Black "Stjazhkina, Anna"]
[Result "1-0"]
[WhiteElo "2518"]
[BlackElo "2107"]
[PlyCount "77"]
[EventDate "2012.05.12"]
[EventType "tourn"]
[EventRounds "11"]
[EventCountry "RUS"]
[EventCategory "6"]
[Source "lmi"]
[SourceDate "2012.05.12"]

1. d4 d6 2. Nf3 g6 3. c4 Bg7 4. Nc3 e5 5. Bg5 f6 6. Bd2 Nd7 7. h4 Nb6 8. h5 Bg4
9. hxg6 hxg6 10. Rxh8 Bxh8 11. dxe5 fxe5 12. Qc2 Bf5 13. e4 Bg4 14. O-O-O Qe7
15. Be3 Bf6 16. a4 Bxf3 17. gxf3 Bg5 18. a5 Bxe3+ 19. fxe3 Nd7 20. Nd5 Qd8 21.
Qh2 Ndf6 22. c5 Nxd5 23. Rxd5 Nf6 24. Rd1 Ke7 25. Kb1 b6 26. cxd6+ cxd6 27. f4
Qc7 28. Qh6 Rg8 29. Rc1 Qb7 30. Bd3 b5 31. fxe5 dxe5 32. Qg5 Ke6 33. Rc5 Nd7
34. Rxb5 Qc6 35. Rd5 a6 36. Bf1 Kf7 37. Bc4 Kg7 38. Qe7+ Kh6 39. Rxd7 1-0

[Event "Young Stars of the World 2012"]
[Site "Kirishi RUS"]
[Date "2012.05.15"]
[Round "4.4"]
[White "Boruchovsky, Avital"]
[Black "Mammadov, Zaur"]
[Result "1-0"]
[WhiteElo "2434"]
[BlackElo "2393"]
[PlyCount "123"]
[EventDate "2012.05.12"]
[EventType "tourn"]
[EventRounds "11"]
[EventCountry "RUS"]
[EventCategory "6"]
[Source "lmi"]
[SourceDate "2012.05.12"]

1. e4 c6 2. Nc3 d5 3. Nf3 dxe4 4. Nxe4 Nf6 5. Nxf6+ exf6 6. d4 Bd6 7. Bd3 O-O
8. O-O Bg4 9. h3 Bh5 10. Be4 Nd7 11. Qd3 Bg6 12. Bxg6 hxg6 13. Be3 f5 14. Rfe1
Re8 15. Rad1 Qc7 16. Bg5 Qb6 17. b3 Qa5 18. Bd2 Qa3 19. d5 Nc5 20. Qc4 Ne4 21.
dxc6 Qc5 22. Qxc5 Bxc5 23. Be3 Bxe3 24. Rxe3 bxc6 25. Rd7 c5 26. Rc7 Rec8 27.
Rxc8+ Rxc8 28. Ne5 Re8 29. Nd3 Rc8 30. Ne5 Re8 31. Nd3 Rc8 32. c4 g5 33. f3 Ng3
34. f4 Ne4 35. fxg5 Rd8 36. h4 g6 37. Nf2 Rd2 38. Nxe4 fxe4 39. a4 Kg7 40. Rxe4
Rd3 41. Re5 Rxb3 42. Rxc5 Rb4 43. a5 Ra4 44. Kf2 Ra3 45. g3 Kf8 46. Rb5 a6 47.
Re5 Ra4 48. Rc5 Ra3 49. g4 Rh3 50. Rc8+ Ke7 51. Rh8 Rc3 52. h5 Rxc4 53. h6 Rxg4
54. Ra8 Rh4 55. Rxa6 Rh5 56. Ra8 Kd6 57. Rh8 Kc7 58. h7 Kb7 59. Kf3 Ka7 60. Kf4
Kb7 61. a6+ Ka7 62. Ke4 1-0

[Event "Young Stars of the World 2012"]
[Site "Kirishi RUS"]
[Date "2012.05.15"]
[Round "4.5"]
[White "Izzat, Kanan"]
[Black "Codenotti, Marco"]
[Result "1/2-1/2"]
[WhiteElo "2341"]
[BlackElo "2345"]
[PlyCount "119"]
[EventDate "2012.05.12"]
[EventType "tourn"]
[EventRounds "11"]
[EventCountry "RUS"]
[EventCategory "6"]
[Source "lmi"]
[SourceDate "2012.05.12"]

1. e4 c5 2. c3 b6 3. d4 Bb7 4. Bd3 Nf6 5. Qe2 cxd4 6. Nf3 dxc3 7. Nxc3 d6 8.
O-O e5 9. Bg5 Be7 10. Bb5+ Nbd7 11. Nxe5 dxe5 12. Bxf6 gxf6 13. Rad1 Bc8 14.
Rxd7 Bxd7 15. Rd1 Kf8 16. Rxd7 Qc8 17. Qd2 h5 18. Qd5 a6 19. Bc6 Rb8 20. Nd1
Qe8 21. Rc7 Qd8 22. Rd7 Qe8 23. Rd6 Qc8 24. Ne3 Bxd6 25. Qxd6+ Kg7 26. Nf5+
Qxf5 27. exf5 Rhd8 28. Bd7 Rb7 29. g3 Rdxd7 30. Qc6 a5 31. Qf3 Rbc7 32. Qxh5
Rd2 33. Qg4+ Kf8 34. Qh4 Ke7 35. g4 Rc1+ 36. Kg2 Rcc2 37. Kg1 Rxb2 38. g5 Rxf2
39. gxf6+ Kd6 40. Qxf2 Rxf2 41. Kxf2 e4 42. Ke3 Ke5 43. a4 Kxf5 44. h3 Ke5 45.
h4 Kf5 46. Kd4 Kf4 47. h5 e3 48. h6 e2 49. h7 e1=Q 50. h8=Q Qb4+ 51. Kd3 Qd6+
52. Kc4 Kf5 53. Kb5 Qb4+ 54. Ka6 Qxa4 55. Qc8+ Kxf6 56. Qd8+ Ke5 57. Qe7+ Kd5
58. Qxf7+ Kc5 59. Qe7+ Kc4 60. Qc7+ 1/2-1/2

[Event "Young Stars of the World 2012"]
[Site "Kirishi RUS"]
[Date "2012.05.15"]
[Round "4.6"]
[White "Chigaev, Maksim"]
[Black "Oparin, Grigoriy"]
[Result "1/2-1/2"]
[WhiteElo "2438"]
[BlackElo "2494"]
[PlyCount "59"]
[EventDate "2012.05.12"]
[EventType "tourn"]
[EventRounds "11"]
[EventCountry "RUS"]
[EventCategory "6"]
[Source "lmi"]
[SourceDate "2012.05.12"]

1. e4 c5 2. Nf3 d6 3. d4 cxd4 4. Nxd4 Nf6 5. Nc3 a6 6. Be2 e6 7. O-O Be7 8. f4
O-O 9. a4 Nc6 10. Be3 Qc7 11. Kh1 Re8 12. a5 Nxa5 13. e5 dxe5 14. fxe5 Qxe5 15.
Bf4 Qc5 16. Na4 Qa7 17. Bc7 b5 18. Nb6 Qxc7 19. Nxa8 Qc5 20. c3 Nc4 21. b4 Qg5
22. Bxc4 bxc4 23. Nc7 Rd8 24. Ra5 Qh6 25. Qc1 Qxc1 26. Rxc1 Bxb4 27. cxb4 Rxd4
28. Nxa6 c3 29. Nc5 Nd5 30. h3 1/2-1/2

[Event "Young Stars of the World 2012"]
[Site "Kirishi RUS"]
[Date "2012.05.16"]
[Round "5.1"]
[White "Oparin, Grigoriy"]
[Black "Artemiev, Vladislav"]
[Result "0-1"]
[WhiteElo "2494"]
[BlackElo "2459"]
[PlyCount "84"]
[EventDate "2012.05.12"]
[EventType "tourn"]
[EventRounds "11"]
[EventCountry "RUS"]
[EventCategory "6"]
[Source "lmi"]
[SourceDate "2012.05.12"]

1. e4 e6 2. d4 d5 3. Nc3 Bb4 4. e5 c5 5. a3 Bxc3+ 6. bxc3 Qa5 7. Bd2 Qa4 8. Qg4
Kf8 9. Nf3 Nc6 10. Be2 Qxc2 11. Rc1 Qe4 12. Qxe4 dxe4 13. Ng5 f5 14. exf6 Nxf6
15. Bb5 h6 16. Nh3 Ne7 17. dxc5 e5 18. O-O Bxh3 19. gxh3 Rc8 20. f4 exf3 21.
Rxf3 Rxc5 22. Be2 Kf7 23. c4 Rd8 24. Rd3 Rxd3 25. Bxd3 e4 26. Bf1 Nf5 27. Rb1
b6 28. a4 e3 29. Bb4 Re5 30. Bd3 Ne4 31. Kf1 Nd4 32. Bxe4 Rxe4 33. Be1 Rf4+ 34.
Kg2 Nc2 35. Bg3 Rxc4 36. a5 bxa5 37. Kf3 Kf6 38. Rb7 a4 39. Rxa7 a3 40. h4 Rd4
41. h5 Rd2 42. Ke4 e2 0-1

[Event "Young Stars of the World 2012"]
[Site "Kirishi RUS"]
[Date "2012.05.16"]
[Round "5.2"]
[White "Codenotti, Marco"]
[Black "Chigaev, Maksim"]
[Result "0-1"]
[WhiteElo "2345"]
[BlackElo "2438"]
[PlyCount "113"]
[EventDate "2012.05.12"]
[EventType "tourn"]
[EventRounds "11"]
[EventCountry "RUS"]
[EventCategory "6"]
[Source "lmi"]
[SourceDate "2012.05.12"]

1. e4 c5 2. Nf3 e6 3. d4 cxd4 4. Nxd4 a6 5. Bd3 Nf6 6. O-O g6 7. c4 Bg7 8. Nc3
O-O 9. Nf3 d6 10. Bf4 Ng4 11. Qd2 Nc6 12. Be2 Nge5 13. Rfd1 Nxf3+ 14. Bxf3 Nd4
15. Be3 Nxf3+ 16. gxf3 Qf6 17. Kg2 e5 18. Bg5 Qe6 19. Qxd6 Qh3+ 20. Kg1 Qxf3
21. Rd3 Qh5 22. Be7 Re8 23. Nd5 Be6 24. Nc7 Qg4+ 25. Rg3 Qxe4 26. Nxa8 Rxa8 27.
b3 h5 28. Rd1 Re8 29. Bg5 Bg4 30. Qd3 Qc6 31. f3 e4 32. Qd5 exf3 33. Qxc6 bxc6
34. Rd8 Rxd8 35. Bxd8 Be5 36. Kf2 Kg7 37. a4 Bxg3+ 38. Kxg3 f2 39. Kxf2 Bd1 40.
b4 Bxa4 41. Ke3 f6 42. h4 Kf7 43. Kd4 Ke6 44. Ke4 Bb3 45. c5 Bc2+ 46. Kf4 Kd5
47. Bxf6 Kc4 48. Ke3 Kxb4 49. Kd2 Bf5 50. Bd4 Kc4 51. Be3 a5 52. Kc1 Kb3 53.
Bg5 a4 54. Bd8 a3 55. Be7 a2 56. Bf6 g5 57. hxg5 0-1

[Event "Young Stars of the World 2012"]
[Site "Kirishi RUS"]
[Date "2012.05.16"]
[Round "5.3"]
[White "Mammadov, Zaur"]
[Black "Izzat, Kanan"]
[Result "1-0"]
[WhiteElo "2393"]
[BlackElo "2341"]
[PlyCount "99"]
[EventDate "2012.05.12"]
[EventType "tourn"]
[EventRounds "11"]
[EventCountry "RUS"]
[EventCategory "6"]
[Source "lmi"]
[SourceDate "2012.05.12"]

1. d4 Nf6 2. Nf3 b6 3. e3 Bb7 4. Bd3 e6 5. O-O Be7 6. Nbd2 d5 7. b3 O-O 8. Bb2
c5 9. Ne5 Nc6 10. f4 Nb4 11. Be2 Ne4 12. a3 Nc6 13. Nxe4 dxe4 14. Nxc6 Bxc6 15.
Qc1 b5 16. dxc5 Bxc5 17. b4 Bb6 18. a4 a6 19. a5 Ba7 20. c4 bxc4 21. Bxc4 Bb5
22. Qc3 f6 23. Bxe6+ Kh8 24. Rfe1 Qd6 25. f5 Bd3 26. Kh1 Rab8 27. Rac1 h5 28.
Ba3 Rb5 29. Qd2 g6 30. Qf2 Kg7 31. g3 gxf5 32. Bxf5 Qd5 33. Rc7+ Rf7 34. Rxf7+
Kxf7 35. Bc8 Rb8 36. Rc1 Bc4 37. Bh3 Rd8 38. Bb2 Rd6 39. Bf1 Bxf1 40. Rxf1 Qg5
41. Qe2 Bxe3 42. Qc4+ Qd5 43. Rxf6+ Ke7 44. Qf1 Qd1 45. b5 Qxf1+ 46. Rxf1 Bd2
47. Ba3 e3 48. Bxd6+ Kxd6 49. bxa6 Kc7 50. Rb1 1-0

[Event "Young Stars of the World 2012"]
[Site "Kirishi RUS"]
[Date "2012.05.16"]
[Round "5.4"]
[White "Stjazhkina, Anna"]
[Black "Boruchovsky, Avital"]
[Result "1-0"]
[WhiteElo "2107"]
[BlackElo "2434"]
[PlyCount "65"]
[EventDate "2012.05.12"]
[EventType "tourn"]
[EventRounds "11"]
[EventCountry "RUS"]
[EventCategory "6"]
[Source "lmi"]
[SourceDate "2012.05.12"]

1. e4 e5 2. Nf3 Nc6 3. Nc3 Nf6 4. g3 d5 5. exd5 Nxd5 6. Bg2 Nxc3 7. bxc3 e4 8.
Qe2 Qe7 9. Nd4 Nxd4 10. cxd4 f5 11. O-O Qd6 12. d3 Be7 13. dxe4 O-O 14. exf5
Bf6 15. c3 Bxf5 16. Bf4 Qb6 17. Qc4+ Kh8 18. Qxc7 Qxc7 19. Bxc7 Rac8 20. Bd6
Rfd8 21. Bb4 Rc7 22. Rfe1 b6 23. Rac1 h6 24. Bf1 Bg6 25. Ba6 Bf7 26. a4 Bc4 27.
Bxc4 Rxc4 28. a5 Bxd4 29. Rcd1 Rd5 30. axb6 axb6 31. Kg2 Kh7 32. Rd2 Rd8 33.
Red1 1-0

[Event "Young Stars of the World 2012"]
[Site "Kirishi RUS"]
[Date "2012.05.16"]
[Round "5.5"]
[White "Antal, Tibor Kende"]
[Black "Belous, Vladimir"]
[Result "0-1"]
[WhiteElo "2345"]
[BlackElo "2518"]
[PlyCount "118"]
[EventDate "2012.05.12"]
[EventType "tourn"]
[EventRounds "11"]
[EventCountry "RUS"]
[EventCategory "6"]
[Source "lmi"]
[SourceDate "2012.05.12"]

1. e4 c5 2. Nf3 Nc6 3. d4 cxd4 4. Nxd4 e5 5. Nb5 d6 6. N1c3 a6 7. Na3 b5 8. Nd5
Nce7 9. c4 Nxd5 10. exd5 bxc4 11. Nxc4 Be7 12. Bd2 Bd7 13. Bd3 Nf6 14. O-O O-O
15. b3 Qb8 16. Re1 Re8 17. a4 h6 18. Rc1 Qb7 19. Be3 Ng4 20. Na5 Qb4 21. Nc6
Nxe3 22. Nxb4 Nxd1 23. Rexd1 a5 24. Nc6 Bg5 25. Rc4 f5 26. b4 e4 27. Be2 axb4
28. Rxb4 Rec8 29. g3 Kf8 30. h4 Bf6 31. Rc1 Be8 32. Rcc4 g6 33. a5 Bf7 34. Rb5
h5 35. Nb4 Rxc4 36. Bxc4 Be8 37. Nc6 Bc3 38. Rb6 Bxa5 39. Nxa5 Rxa5 40. Rxd6
Rc5 41. Bb3 Bb5 42. Kh2 Rc3 43. Bd1 Rc1 44. Rb6 Bf1 45. Ba4 Be2 46. g4 hxg4 47.
Kg3 Rc3+ 48. Kf4 e3 49. Rb8+ Kg7 50. fxe3 Rc4+ 51. Kg5 Rxa4 52. Rb7+ Kf8 53. d6
Ke8 54. Kxg6 g3 55. Rb1 Bd3 56. Rg1 f4+ 57. Kf6 f3 58. Rxg3 f2 59. Ke6 Bc4+ 0-1

[Event "Young Stars of the World 2012"]
[Site "Kirishi RUS"]
[Date "2012.05.16"]
[Round "5.6"]
[White "Vakhidov, Jahongir"]
[Black "Sanal, Vahap"]
[Result "0-1"]
[WhiteElo "2439"]
[BlackElo "2277"]
[PlyCount "96"]
[EventDate "2012.05.12"]
[EventType "tourn"]
[EventRounds "11"]
[EventCountry "RUS"]
[EventCategory "6"]
[Source "lmi"]
[SourceDate "2012.05.12"]

1. c4 Nf6 2. Nc3 e6 3. d4 Bb4 4. g3 c5 5. Nf3 b6 6. Bg2 Bb7 7. O-O cxd4 8. Qxd4
O-O 9. b3 Be7 10. Bb2 Na6 11. Rad1 Nc5 12. Rfe1 Nce4 13. Nxe4 Bxe4 14. Qe3 Bb7
15. Qd3 Be4 16. Qe3 Bc6 17. Qd3 Be4 18. Qd2 d5 19. cxd5 Bxd5 20. Qd3 Rc8 21.
Qb1 Qc7 22. e4 Bb7 23. Be5 Qc2 24. Qxc2 Rxc2 25. Bxf6 gxf6 26. Rd7 Bc5 27. Rxb7
Bxf2+ 28. Kf1 Bxe1 29. Nxe1 Rxa2 30. Rd7 Rc8 31. Bf3 Rc1 32. Rd1 Rc3 33. Rb1
Rxh2 34. b4 a5 35. bxa5 bxa5 36. Ra1 Rb2 37. Be2 Rxg3 38. Rxa5 Re3 39. Bd3 Rh2
40. Ra1 Rh1+ 41. Kf2 Rhxe1 42. Rxe1 Rxd3 43. Rg1+ Kh8 44. Ke2 Rh3 45. Rf1 Rh6
46. Ke3 Kg7 47. Kd4 Rh5 48. Rg1+ Rg5 0-1

[Event "Young Stars of the World 2012"]
[Site "Kirishi RUS"]
[Date "2012.05.18"]
[Round "6.1"]
[White "Artemiev, Vladislav"]
[Black "Sanal, Vahap"]
[Result "1-0"]
[WhiteElo "2459"]
[BlackElo "2277"]
[PlyCount "141"]
[EventDate "2012.05.12"]
[EventType "tourn"]
[EventRounds "11"]
[EventCountry "RUS"]
[EventCategory "6"]
[Source "lmi"]
[SourceDate "2012.05.12"]

1. e4 e5 2. Bc4 Nf6 3. d3 c6 4. Nf3 d5 5. Bb3 Bd6 6. O-O d4 7. Nbd2 Bc7 8. Re1
Nbd7 9. a3 Nc5 10. Ba2 O-O 11. Nf1 Ne6 12. h3 c5 13. Ng3 Nf4 14. Bxf4 exf4 15.
Ne2 Nh5 16. b4 b6 17. c3 dxc3 18. Nxc3 Bb7 19. bxc5 bxc5 20. Rb1 Rb8 21. Qc2
Nf6 22. Red1 Nd7 23. Bd5 Ba6 24. Rxb8 Bxb8 25. Bc4 Bc8 26. Nb1 Qe7 27. Nbd2 Rd8
28. a4 g5 29. Rb1 Bc7 30. d4 h5 31. e5 Kg7 32. Ne4 g4 33. Nfg5 cxd4 34. Nf6
Nxf6 35. exf6+ Qxf6 36. Qh7+ Kf8 37. Qxh5 Qg6 38. Qh8+ Ke7 39. Re1+ Be6 40. Qh4
Kd6 41. Bxe6 fxe6 42. Qxg4 Kd7 43. Rxe6 Qxg5 44. Qxg5 Kxe6 45. Qg6+ Kd7 46.
Qf5+ Kc6 47. Qb5+ Kd6 48. h4 Rd7 49. Qf5 Ke7 50. Qc5+ Ke6 51. Qc6+ Ke7 52. Qe4+
Kf6 53. Qd3 Be5 54. h5 Ke6 55. h6 Rd8 56. h7 Ke7 57. Kf1 Bf6 58. Ke2 Kf7 59.
Kf3 Kg7 60. Kxf4 Rh8 61. Kf5 Rf8 62. f4 Kh8 63. g4 Bg7+ 64. Kg5 a5 65. f5 Rd8
66. Kh5 Rc8 67. g5 Rd8 68. Kg4 Re8 69. f6 Bxf6 70. Qg6 Re6 71. gxf6 1-0

[Event "Young Stars of the World 2012"]
[Site "Kirishi RUS"]
[Date "2012.05.18"]
[Round "6.2"]
[White "Belous, Vladimir"]
[Black "Vakhidov, Jahongir"]
[Result "1/2-1/2"]
[WhiteElo "2518"]
[BlackElo "2439"]
[PlyCount "154"]
[EventDate "2012.05.12"]
[EventType "tourn"]
[EventRounds "11"]
[EventCountry "RUS"]
[EventCategory "6"]
[Source "lmi"]
[SourceDate "2012.05.12"]

1. d4 Nf6 2. c4 g6 3. Nc3 d5 4. Nf3 Bg7 5. Bf4 O-O 6. e3 c5 7. dxc5 Ne4 8. Rc1
Qa5 9. Be5 Bxe5 10. Nxe5 Nxc3 11. Rxc3 Qc7 12. Qd4 f6 13. Nd3 e5 14. Qxd5+ Kg7
15. Qd6 Qf7 16. Nb4 Be6 17. Be2 a5 18. Nd5 Na6 19. Qb6 Rfc8 20. Ra3 Nxc5 21.
Rxa5 Na4 22. Qb4 Rxa5 23. Qxa5 Nxb2 24. e4 Nxc4 25. Qb4 Bxd5 26. exd5 Qc7 27.
O-O Nd6 28. h4 Qc5 29. Qg4 f5 30. Qa4 Rc7 31. h5 Ne4 32. Qe8 Re7 33. Qd8 Qd6
34. Qxd6 Nxd6 35. Rc1 Kf6 36. hxg6 hxg6 37. a4 e4 38. Bd1 Re8 39. f4 exf3 40.
Bxf3 g5 41. g3 g4 42. Bg2 Re2 43. Kf1 Rd2 44. Re1 Nc4 45. Re6+ Kg5 46. Re2 Rxe2
47. Kxe2 b6 48. Kd3 Nd6 49. Ke3 Kf6 50. Kd4 Nb7 51. Bf1 Nc5 52. a5 Nb3+ 53. Kc4
Nxa5+ 54. Kb5 Ke5 55. Kxb6 Nb3 56. Kc6 Nd4+ 57. Kc5 Nb3+ 58. Kc6 Nd4+ 59. Kc5
Nb3+ 60. Kc6 Nd4+ 61. Kc5 Nf3 62. d6 Kf6 63. Kd5 Ng5 64. Bd3 Ne6 65. d7 f4 66.
Kd6 fxg3 67. Be4 Nd8 68. Bd5 g2 69. Bxg2 Nf7+ 70. Kc7 g3 71. Bd5 Ke5 72. Bxf7
g2 73. d8=Q g1=Q 74. Qd6+ Ke4 75. Bd5+ Kd3 76. Bf3+ Qd4 77. Qxd4+ Kxd4 1/2-1/2

[Event "Young Stars of the World 2012"]
[Site "Kirishi RUS"]
[Date "2012.05.18"]
[Round "6.3"]
[White "Boruchovsky, Avital"]
[Black "Antal, Tibor Kende"]
[Result "1/2-1/2"]
[WhiteElo "2434"]
[BlackElo "2345"]
[PlyCount "100"]
[EventDate "2012.05.12"]
[EventType "tourn"]
[EventRounds "11"]
[EventCountry "RUS"]
[EventCategory "6"]
[Source "lmi"]
[SourceDate "2012.05.12"]

1. e4 c5 2. c3 Nf6 3. e5 Nd5 4. d4 cxd4 5. cxd4 e6 6. Nf3 d6 7. Bc4 Be7 8. O-O
O-O 9. Qe2 Nc6 10. Nc3 Nxc3 11. bxc3 dxe5 12. dxe5 b6 13. Bd3 Qc7 14. Qe4 g6
15. Bh6 Rd8 16. Rad1 Bb7 17. Qf4 Rd5 18. Be4 Rxd1 19. Rxd1 Rd8 20. Re1 f5 21.
exf6 Qxf4 22. Bxf4 Bxf6 23. Bg5 Kg7 24. h4 h6 25. Bf4 Rd7 26. Bc2 Re7 27. Re3
e5 28. Bg3 Ba6 29. Ba4 b5 30. Bb3 e4 31. Nd2 Na5 32. Nxe4 Nxb3 33. axb3 Bc8 34.
Nxf6 Rxe3 35. Nh5+ gxh5 36. fxe3 a5 37. c4 bxc4 38. Be5+ Kg6 39. bxc4 Kf5 40.
Bg7 Ke4 41. Bxh6 a4 42. Kf2 Be6 43. c5 Kd5 44. Bf8 a3 45. Kf3 a2 46. e4+ Kc6
47. Bg7 Kxc5 48. Kf4 Kd6 49. Bb2 Ke7 50. Kg5 Bg4 1/2-1/2

[Event "Young Stars of the World 2012"]
[Site "Kirishi RUS"]
[Date "2012.05.18"]
[Round "6.4"]
[White "Izzat, Kanan"]
[Black "Stjazhkina, Anna"]
[Result "1/2-1/2"]
[WhiteElo "2341"]
[BlackElo "2107"]
[PlyCount "57"]
[EventDate "2012.05.12"]
[EventType "tourn"]
[EventRounds "11"]
[EventCountry "RUS"]
[EventCategory "6"]
[Source "lmi"]
[SourceDate "2012.05.12"]

1. d4 d5 2. c4 c6 3. Nf3 dxc4 4. e3 Be6 5. a4 Nf6 6. Na3 c5 7. Bxc4 Bxc4 8.
Nxc4 Nc6 9. O-O e6 10. a5 cxd4 11. Qa4 Qd7 12. exd4 Be7 13. Bf4 O-O 14. a6 Nd5
15. Bg3 b6 16. Rac1 Rac8 17. Rfd1 Rfd8 18. Qb5 Ncb4 19. Na3 Nc6 20. Rc4 Bxa3
21. bxa3 Ne5 22. Qxd7 Nxd7 23. Rdc1 Rxc4 24. Rxc4 b5 25. Rc6 N7b6 26. Rc5 b4
27. axb4 Nxb4 28. Bc7 Ra8 29. Bd6 1/2-1/2

[Event "Young Stars of the World 2012"]
[Site "Kirishi RUS"]
[Date "2012.05.18"]
[Round "6.5"]
[White "Chigaev, Maksim"]
[Black "Mammadov, Zaur"]
[Result "1/2-1/2"]
[WhiteElo "2438"]
[BlackElo "2393"]
[PlyCount "84"]
[EventDate "2012.05.12"]
[EventType "tourn"]
[EventRounds "11"]
[EventCountry "RUS"]
[EventCategory "6"]
[Source "lmi"]
[SourceDate "2012.05.12"]

1. e4 c6 2. d4 d5 3. exd5 cxd5 4. c4 Nf6 5. Nc3 e6 6. Nf3 Bb4 7. cxd5 Nxd5 8.
Bd2 O-O 9. Bd3 Be7 10. a3 Nc6 11. O-O Nf6 12. Be3 b6 13. Re1 Bb7 14. Bc2 Qd6
15. Qd3 Rfd8 16. Rad1 Rac8 17. Bg5 g6 18. Bb3 Kg7 19. h4 h6 20. Rxe6 Qb8 21.
Bc1 Ng4 22. Re4 h5 23. Bf4 Bd6 24. Bxd6 Rxd6 25. d5 Rcd8 26. Rf4 Rf6 27. Rxf6
Nxf6 28. d6 Qc8 29. Qc4 Qd7 30. Ne4 Nxe4 31. Qxe4 Na5 32. Qd4+ f6 33. Bc2 Bxf3
34. gxf3 Nb7 35. Qe4 Qf7 36. Kh2 Nxd6 37. Qf4 Qe7 38. Rg1 f5 39. Kh3 Qf6 40.
Rd1 Nf7 41. Rxd8 Qxd8 42. Bb3 Qd6 1/2-1/2

[Event "Young Stars of the World 2012"]
[Site "Kirishi RUS"]
[Date "2012.05.18"]
[Round "6.6"]
[White "Oparin, Grigoriy"]
[Black "Codenotti, Marco"]
[Result "1-0"]
[WhiteElo "2494"]
[BlackElo "2345"]
[PlyCount "79"]
[EventDate "2012.05.12"]
[EventType "tourn"]
[EventRounds "11"]
[EventCountry "RUS"]
[EventCategory "6"]
[Source "lmi"]
[SourceDate "2012.05.12"]

1. e4 c5 2. Nf3 d6 3. d4 cxd4 4. Nxd4 Nf6 5. Nc3 a6 6. h3 e6 7. g4 Be7 8. Bg2
Nfd7 9. Be3 Nc6 10. Qe2 O-O 11. O-O-O Nxd4 12. Bxd4 Rb8 13. Kb1 Qc7 14. f4 b5
15. Qf2 b4 16. Ne2 Bb7 17. g5 e5 18. Be3 Rfc8 19. Ng3 exf4 20. Bxf4 Ne5 21. Nf5
Bf8 22. b3 a5 23. Rd4 a4 24. Rhd1 Qc5 25. Qd2 axb3 26. cxb3 Ba8 27. Nxd6 Rd8
28. Nf5 Re8 29. h4 g6 30. Nh6+ Bxh6 31. gxh6 Qe7 32. h5 Qf8 33. Bg5 Nc6 34. Rd6
Na7 35. hxg6 Nb5 36. gxh7+ Kxh7 37. Qf4 Nxd6 38. Rxd6 Re6 39. Qf5+ Kh8 40. Rxe6
1-0

[Event "Young Stars of the World 2012"]
[Site "Kirishi RUS"]
[Date "2012.05.19"]
[Round "7.1"]
[White "Codenotti, Marco"]
[Black "Artemiev, Vladislav"]
[Result "1/2-1/2"]
[WhiteElo "2345"]
[BlackElo "2459"]
[PlyCount "105"]
[EventDate "2012.05.12"]
[EventType "tourn"]
[EventRounds "11"]
[EventCountry "RUS"]
[EventCategory "6"]
[Source "lmi"]
[SourceDate "2012.05.12"]

1. e4 c5 2. Nf3 e6 3. d4 cxd4 4. Nxd4 a6 5. Bd3 Qb6 6. Nb3 Qc7 7. O-O Nf6 8.
Qe2 d6 9. a4 b6 10. Na3 Nbd7 11. Nc4 Bb7 12. a5 b5 13. Nb6 Nxb6 14. axb6 Qxb6
15. Na5 Nd7 16. Be3 Qc7 17. c4 Be7 18. cxb5 axb5 19. Rfc1 Rxa5 20. Rxc7 Rxa1+
21. Rc1 Rxc1+ 22. Bxc1 O-O 23. Bxb5 Nf6 24. f3 e5 25. Ba6 Ba8 26. Bg5 h6 27.
Bxf6 Bxf6 28. Bc4 Rb8 29. Qd2 d5 30. Bxd5 Bxd5 31. exd5 e4 32. b4 Be7 33. d6 e3
34. Qxe3 Bxd6 35. b5 Bc7 36. Qd3 Bb6+ 37. Kf1 Re8 38. f4 g6 39. g4 Rd8 40. Qc3
Rd4 41. Qc8+ Kg7 42. Qb8 Bd8 43. b6 Bxb6 44. Qe5+ Kh7 45. Qf6 Kg8 46. h4 Re4
47. g5 Bc7 48. Qc6 Rxf4+ 49. Ke2 Rxh4 50. Qxc7 hxg5 51. Qd8+ Kg7 52. Qxg5 Rh5
53. Qe7 1/2-1/2

[Event "Young Stars of the World 2012"]
[Site "Kirishi RUS"]
[Date "2012.05.19"]
[Round "7.2"]
[White "Mammadov, Zaur"]
[Black "Oparin, Grigoriy"]
[Result "1-0"]
[WhiteElo "2393"]
[BlackElo "2494"]
[PlyCount "121"]
[EventDate "2012.05.12"]
[EventType "tourn"]
[EventRounds "11"]
[EventCountry "RUS"]
[EventCategory "6"]
[Source "lmi"]
[SourceDate "2012.05.12"]

1. e4 c5 2. c3 d5 3. exd5 Qxd5 4. d4 Nf6 5. Nf3 Bg4 6. Qa4+ Bd7 7. Qb3 Qxb3 8.
axb3 e6 9. Na3 a6 10. Nb5 Bxb5 11. Bxb5+ Nbd7 12. O-O Rc8 13. Be2 Bd6 14. Rd1
Ke7 15. Bg5 h6 16. Bh4 g5 17. Bg3 Bxg3 18. hxg3 Rhd8 19. dxc5 Nxc5 20. Nd4 Nfe4
21. Re1 Rc7 22. Ra5 Nd6 23. g4 Nd7 24. g3 Nc5 25. b4 Nd7 26. Kg2 Nf6 27. Rh1
Ng8 28. f4 gxf4 29. gxf4 Kf6 30. Kf3 Nc4 31. Bxc4 Rxc4 32. Ke3 Kg6 33. g5 Rd5
34. f5+ Kg7 35. Rxd5 exd5 36. gxh6+ Nxh6 37. Kf4 Rc8 38. Ke5 Ng4+ 39. Kxd5 Kf6
40. Re1 b6 41. Kd6 a5 42. bxa5 bxa5 43. Nc6 a4 44. Re4 Kxf5 45. Rxa4 Rh8 46.
Ne7+ Kg5 47. Ra5+ Kf4 48. b4 Rd8+ 49. Kc7 Rd3 50. Rc5 Nf2 51. b5 Ne4 52. Rc4
Ke5 53. Nc6+ Kd5 54. Rd4+ Rxd4 55. cxd4 Nd6 56. Nb4+ Ke6 57. b6 f5 58. d5+ Ke5
59. Kc6 Nf7 60. Nd3+ Kd4 61. Nf4 1-0

[Event "Young Stars of the World 2012"]
[Site "Kirishi RUS"]
[Date "2012.05.19"]
[Round "7.3"]
[White "Stjazhkina, Anna"]
[Black "Chigaev, Maksim"]
[Result "0-1"]
[WhiteElo "2107"]
[BlackElo "2438"]
[PlyCount "76"]
[EventDate "2012.05.12"]
[EventType "tourn"]
[EventRounds "11"]
[EventCountry "RUS"]
[EventCategory "6"]
[Source "lmi"]
[SourceDate "2012.05.12"]

1. e4 c5 2. Nc3 Nc6 3. g3 g6 4. Bg2 Bg7 5. d3 d6 6. f4 e6 7. Nf3 Nge7 8. Be3
Nd4 9. O-O O-O 10. e5 Nef5 11. Bf2 Nxf3+ 12. Qxf3 Nd4 13. Qd1 dxe5 14. fxe5
Bxe5 15. Ne4 Nc6 16. c3 b6 17. Nxc5 bxc5 18. Bxc6 Rb8 19. Bxc5 Qc7 20. Qf3 Bb7
21. Bxb7 Qxc5+ 22. d4 Qb6 23. Be4 Bd6 24. b3 f5 25. Bc2 e5 26. Qd5+ Kg7 27. Kh1
Qc7 28. Rae1 e4 29. c4 Bb4 30. Re2 Bc3 31. g4 Rbd8 32. Qb5 fxg4 33. Rxf8 Rxf8
34. Bxe4 Bxd4 35. Bg2 Bc5 36. Rd2 Rf7 37. Qa6 Qf4 38. Rd1 Bd4 0-1

[Event "Young Stars of the World 2012"]
[Site "Kirishi RUS"]
[Date "2012.05.19"]
[Round "7.4"]
[White "Antal, Tibor Kende"]
[Black "Izzat, Kanan"]
[Result "1-0"]
[WhiteElo "2345"]
[BlackElo "2345"]
[PlyCount "77"]
[EventDate "2012.05.12"]
[EventType "tourn"]
[EventRounds "11"]
[EventCountry "RUS"]
[EventCategory "6"]
[Source "lmi"]
[SourceDate "2012.05.12"]

1. e4 c6 2. d4 d5 3. e5 c5 4. dxc5 Nc6 5. Nf3 Bg4 6. Be2 e6 7. c3 Bxc5 8. Nbd2
Nge7 9. Qa4 Bh5 10. b4 Bb6 11. b5 Na5 12. Ba3 Bxf3 13. Nxf3 O-O 14. O-O Rc8 15.
Bb4 Nc4 16. Bxc4 Rxc4 17. Nd2 Rf4 18. Qa3 Re8 19. Rad1 Nf5 20. Qc1 Qh4 21. Nf3
Rxf3 22. gxf3 Rc8 23. Rd3 Rc4 24. Qd2 Bd8 25. f4 Rxf4 26. Bc5 Bg5 27. Qe2 b6
28. Bd4 Rg4+ 29. Kh1 Re4 30. Qf3 Qh6 31. Rg1 Rh4 32. Qg2 Bf4 33. h3 g5 34. Qf3
Qg6 35. Rdd1 h5 36. Kg2 g4 37. Qxf4 Nxd4 38. Rxd4 gxh3+ 39. Kh2 1-0